The Amish seamstress : the women of Lancaster County / Mindy Starns Clark and Leslie Gould.
Izzy Mueller is an exceptional listener and gifted caregiver. She's also a talented seamstress. As the young woman sits with her elderly patients, she quietly sews as they share their stories. She's content with her life until circumstances reconnect her with someone she once loved. Zed Bayer, a Mennonite, is not what her family is hoping for in a spouse, and his creative interest in filmmaking is definitely at odds with her Amish upbringing.
Record details
- ISBN: 9781611738438
- ISBN: 1611738431
- Physical Description: 543 pages (large print) ; 23 cm.
- Edition: Center Point Large Print edition.
- Publisher: Thorndike, Maine : Center Point Large Print, 2013.
Search for related items by subject
| Subject: | Amish > Fiction. Women dressmakers > Fiction. Large type books. |
| Genre: | Christian Fiction |
Search for related items by series
Available copies
- 1 of 1 copy available at scottsboropl.
Holds
- 0 current holds with 1 total copy.
Show Only Available Copies
| Location | Call Number / Copy Notes | Barcode | Shelving Location | Status | Due Date |
|---|---|---|---|---|---|
| scottsboropl | F Cla | 32269001103566 | Adult - Fiction | Available | - |
| LDR | 01846cam a2200409 i 4500 | ||
|---|---|---|---|
| 001 | 150158 | ||
| 003 | CONS | ||
| 005 | 20190308070117.0 | ||
| 008 | 130426s2013 meu d 000 1 eng | ||
| 010 | . | ‡a 2013017096 | |
| 020 | . | ‡a9781611738438 ‡q(large print ; hardcover) | |
| 020 | . | ‡a1611738431 ‡q(large print ; hardcover) | |
| 035 | . | ‡a(CPomAG)LMN610837 | |
| 042 | . | ‡apcc | |
| 043 | . | ‡an-us-pa | |
| 050 | 1 | 0. | ‡aPS3603.L366 ‡bA87 2013b |
| 082 | 0 | 0. | ‡a813/.6 ‡223 |
| 100 | 1 | . | ‡aClark, Mindy Starns. |
| 245 | 1 | 4. | ‡aThe Amish seamstress : ‡bthe women of Lancaster County / ‡cMindy Starns Clark and Leslie Gould. |
| 250 | . | ‡aCenter Point Large Print edition. | |
| 264 | 1. | ‡aThorndike, Maine : ‡bCenter Point Large Print, ‡c2013. | |
| 300 | . | ‡a543 pages (large print) ; ‡c23 cm. | |
| 336 | . | ‡atext ‡btxt ‡2rdacontent | |
| 337 | . | ‡aunmediated ‡bn ‡2rdamedia | |
| 338 | . | ‡avolume ‡bnc ‡2rdacarrier | |
| 340 | . | ‡nlarge print ‡2rda | |
| 490 | 1 | . | ‡aThe women of Lancaster County |
| 520 | . | ‡aIzzy Mueller is an exceptional listener and gifted caregiver. She's also a talented seamstress. As the young woman sits with her elderly patients, she quietly sews as they share their stories. She's content with her life until circumstances reconnect her with someone she once loved. Zed Bayer, a Mennonite, is not what her family is hoping for in a spouse, and his creative interest in filmmaking is definitely at odds with her Amish upbringing. | |
| 650 | 0. | ‡aAmish ‡vFiction. | |
| 650 | 0. | ‡aWomen dressmakers ‡vFiction. | |
| 650 | 0. | ‡aLarge type books. | |
| 655 | 7. | ‡aChristian Fiction ‡2lcgft | |
| 700 | 1 | . | ‡aGould, Leslie, ‡d1962- |
| 800 | 1 | . | ‡aClark, Mindy Starns. ‡tWomen of Lancaster County. |
| 914 | . | ‡aSCP_LP ‡dLMN_cm | |
| 959 | . | ‡i32269001103566 ‡lF Gou ‡aAdult - Fiction ‡tFiction ‡g35.00 | |
| 852 | . | ‡p32269001103566 ‡jF Gou ‡gAdult - Fiction ‡cFiction ‡y35.00 ‡bSBPL | |
| 901 | . | ‡a150158 ‡bUnknown ‡c150158 ‡tbiblio | |